=LDR 00000nam 2200000 4500 =001 INLIS000000000014184 =005 20130612105452 =008 ***********************************Ind** =035 ##$$a0010-061300000014184 =041 ##$$a Ind =082 ##$$a 341 =090 ##$$a 341, Mau h =100 ##$$a Mauna, Boer =245 ##$$a Hukum internasional, Pengertian,peranan dan fungsi dalam era dinamika global, Boer Mauna =260 ##$$a 2003 $b Bandung =300 ##$$a xxx, 646 hlm, Ilus, 24 cm =650 ##$$a Hukum internasional =850 ##$$a NBPNMAT =990 ##$$a 93497/BPAP-NTB/2014